[Event "Bad Woerishofen op"]
[Site "?"]
[Date "2003.??.??"]
[Round "1"]
[White "Dornreiter, Michael"]
[Black "Schlierf, Andre"]
[Result "0-1"]
[WhiteElo "1475"]
[BlackElo "2107"]
[Annotator "ChessOrg"]
[PlyCount "80"]

1. e4 c5 2. Bc4 Nc6 3. Nf3 d6 4. c3 Nf6 5. Qb3 e6 6. d3 a6 7. Qc2 b5 8. Bb3 Bb7
9. Bg5 Be7 10. Bxf6 Bxf6 11. Nbd2 d5 12. a3 Qd6 13. O-O c4 14. Ba2 cxd3 15.
Qxd3 d4 16. cxd4 Nxd4 17. Nxd4 Qxd4 18. Qxd4 Bxd4 19. Rab1 Rc8 20. Bb3 Ke7 21.
Rfe1 Rc7 22. Nf3 Bb6 23. Kf1 a5 24. Bd1 Rhc8 25. Ne5 f6 26. Nd3 Rd8 27. Nf4 Rd2
28. Nh3 b4 29. axb4 axb4 30. f3 Rcc2 31. Be2 Rxb2 32. Ra1 Ra2 33. Rab1 Bc5 34.
Nf4 Ba6 35. Rbc1 Be3 36. Rc7+ Kd6 37. Rec1 Bxe2+ 38. Nxe2 Rxe2 39. R7c6+ Ke5
40. f4+ Kxf4 0-1

[Event "Bad Woerishofen op"]
[Site "?"]
[Date "2003.??.??"]
[Round "1"]
[White "Teich, Udo"]
[Black "Fries, Elisabeth"]
[Result "1-0"]
[WhiteElo "2104"]
[BlackElo "1469"]
[Annotator "ChessOrg"]
[PlyCount "79"]

1. d4 d5 2. Nf3 Nf6 3. c4 c6 4. Qc2 e6 5. Bf4 Bd6 6. Bg5 Nbd7 7. Nc3 h6 8. Bh4
O-O 9. cxd5 exd5 10. e3 Qc7 11. Rc1 a6 12. Be2 Re8 13. O-O Ne4 14. Nxd5 Qa5 15.
Nc3 Nxc3 16. bxc3 b5 17. Nd2 Qc7 18. Bg3 Nf6 19. c4 Bxg3 20. hxg3 Qe7 21. Bf3
Bb7 22. Rb1 Rac8 23. Nb3 Rc7 24. Rfc1 Ne4 25. Bxe4 Qxe4 26. Qxe4 Rxe4 27. Nc5
Ree7 28. a4 Bc8 29. axb5 cxb5 30. cxb5 axb5 31. Rxb5 Bf5 32. Re1 Kf8 33. f3 Ra7
34. g4 Bd7 35. Rb2 g6 36. Kf2 Bc6 37. e4 f6 38. Rb6 Ra2+ 39. Kg3 Bd5 40. Rxf6+
1-0

[Event "Bad Woerishofen op"]
[Site "?"]
[Date "2003.??.??"]
[Round "1"]
[White "Schenfeld, Waldemar"]
[Black "Schulz, Gert"]
[Result "0-1"]
[WhiteElo "1462"]
[BlackElo "2103"]
[Annotator "ChessOrg"]
[PlyCount "92"]

1. e4 c5 2. Nf3 Nc6 3. Nc3 g6 4. d4 cxd4 5. Nxd4 Bg7 6. Be3 Nf6 7. Be2 O-O 8.
O-O d6 9. Qd2 Ng4 10. Bxg4 Bxg4 11. h3 Bd7 12. Rfd1 Re8 13. a3 Ne5 14. b3 a6
15. Nce2 b5 16. Rac1 Qc8 17. Kh2 Qb7 18. Ng3 h5 19. f3 Kh7 20. c3 a5 21. Nge2
a4 22. Qa2 axb3 23. Qxb3 Nc4 24. Nc2 Be6 25. Qb1 Nxe3 26. Nxe3 Rxa3 27. Nd4
Be5+ 28. Kh1 Bxd4 29. Rxd4 Rc8 30. Nd1 Qc6 31. Rb4 Bc4 32. Qc2 Qc5 33. Rb2 Rca8
34. Rcb1 Ra1 35. Qd2 Rxb1 36. Rxb1 Ra2 37. Rb2 Ra1 38. Kh2 Qe5+ 39. g3 h4 40.
f4 hxg3+ 41. Kxg3 Qxe4 42. Ne3 Rg1+ 43. Kf2 Qh1 44. h4 Qh2+ 45. Kf3 Qg3+ 46.
Ke4 f5+ 0-1

[Event "Bad Woerishofen op"]
[Site "?"]
[Date "2003.??.??"]
[Round "1"]
[White "Babar, Michael"]
[Black "Ross, Matthias"]
[Result "1/2-1/2"]
[WhiteElo "2187"]
[BlackElo "1796"]
[Annotator "ChessOrg"]
[PlyCount "51"]

1. e4 c5 2. Nc3 d6 3. f4 g6 4. Nf3 Bg7 5. Bc4 e6 6. O-O Ne7 7. Qe1 Nbc6 8. d3
O-O 9. Qh4 a6 10. a4 Nd4 11. Nxd4 cxd4 12. Ne2 d5 13. Ba2 dxe4 14. dxe4 d3 15.
cxd3 Qxd3 16. Qxe7 Qxe2 17. e5 b5 18. Qc7 Qe4 19. Bb1 Qd4+ 20. Kh1 Ra7 21. Qc2
Rd7 22. Ra3 Bb7 23. Rc3 Rfd8 24. h3 Bf8 25. axb5 axb5 26. Be3 1/2-1/2

[Event "Bad Woerishofen op"]
[Site "?"]
[Date "2003.??.??"]
[Round "1"]
[White "Gajewski, Richard"]
[Black "Schaefer, Michael"]
[Result "0-1"]
[WhiteElo "1780"]
[BlackElo "2186"]
[Annotator "ChessOrg"]
[PlyCount "64"]

1. e4 c5 2. Bc4 e6 3. Nc3 a6 4. a4 Nc6 5. Nge2 Nf6 6. d3 Be7 7. O-O O-O 8. f4
d5 9. Ba2 Rb8 10. e5 Ne8 11. Ng3 b5 12. Qh5 f6 13. axb5 axb5 14. Bd2 c4 15.
Rae1 b4 16. Nce2 b3 17. cxb3 cxd3 18. Bb1 g6 19. Qh6 dxe2 20. Rxe2 f5 21. Ree1
Rxb3 22. Bc3 d4 23. Rd1 Qb6 24. Be1 Rxb2 25. Bxf5 exf5 26. Rd3 Ba6 27. Nh5 Bxd3
28. Rf3 Be4 29. Rg3 Nd8 30. h4 Nf7 31. Ba5 Nxh6 32. Bxb6 Rxb6 0-1

[Event "Bad Woerishofen op"]
[Site "?"]
[Date "2003.??.??"]
[Round "1"]
[White "Sailer, Wolfgang"]
[Black "Stojadinovic, Tomislav"]
[Result "1-0"]
[WhiteElo "2182"]
[BlackElo "1780"]
[Annotator "ChessOrg"]
[PlyCount "39"]

1. d4 d5 2. c4 Bf5 3. cxd5 Bxb1 4. Rxb1 Qxd5 5. a3 Nf6 6. Nf3 e6 7. g3 Nc6 8.
Bg2 Be7 9. O-O Qh5 10. Qb3 Rb8 11. Ne5 Nxe5 12. dxe5 Ng4 13. h3 Nxe5 14. Qa4+
Nd7 15. Bf4 e5 16. g4 Qg6 17. Bxe5 b5 18. Qxa7 Bc5 19. Qxc7 Qc6 20. Bxc6 1-0

[Event "Bad Woerishofen op"]
[Site "?"]
[Date "2003.??.??"]
[Round "1"]
[White "Klett, Thomas"]
[Black "Daeubler, Heinrich"]
[Result "0-1"]
[WhiteElo "1766"]
[BlackElo "2180"]
[Annotator "ChessOrg"]
[PlyCount "54"]

1. c4 c6 2. Nf3 d5 3. cxd5 cxd5 4. g3 Nc6 5. d4 Bf5 6. Nc3 e6 7. a3 h6 8. Bg2
Nf6 9. O-O Be7 10. e3 O-O 11. Qe2 Na5 12. Nd2 Rc8 13. f3 Bg6 14. Qf2 Qb6 15.
Re1 Rfd8 16. Bf1 a6 17. Na4 Qc6 18. Nc5 Bxc5 19. dxc5 Qxc5 20. b4 Qc3 21. Ra2
Nb3 22. Nxb3 Qxb3 23. Rd2 Rd7 24. e4 dxe4 25. Rxd7 Nxd7 26. Qd4 Ne5 27. Qxe5
Rxc1 0-1

[Event "Bad Woerishofen op"]
[Site "?"]
[Date "2003.??.??"]
[Round "1"]
[White "Fischer, Manfred"]
[Black "Bergmann, Thomas"]
[Result "1-0"]
[WhiteElo "2180"]
[BlackElo "1753"]
[Annotator "ChessOrg"]
[PlyCount "53"]

1. e4 c5 2. Nc3 Nc6 3. f4 g6 4. Nf3 Bg7 5. Bb5 a6 6. Bxc6 bxc6 7. O-O Nf6 8. d3
O-O 9. Qe1 d6 10. Nd1 Rb8 11. Bd2 Nh5 12. f5 gxf5 13. Qh4 Nf6 14. Bh6 Qd7 15.
Ng5 e6 16. Rf3 Re8 17. Rh3 Ng4 18. Bxg7 Kxg7 19. Qxh7+ Kf8 20. Qh8+ Ke7 21. Qg7
Ne5 22. Rh6 Kd8 23. Rh7 Re7 24. h4 fxe4 25. dxe4 Kc7 26. b3 f5 27. Qxe7 1-0

[Event "Bad Woerishofen op"]
[Site "?"]
[Date "2003.??.??"]
[Round "1"]
[White "Heinrich, Olaf"]
[Black "Maahs, Erich"]
[Result "1-0"]
[WhiteElo "1751"]
[BlackElo "2180"]
[Annotator "ChessOrg"]
[PlyCount "120"]

1. Nf3 Nc6 2. d3 d5 3. Nbd2 Bg4 4. g3 Qd7 5. Bg2 Bh3 6. O-O h5 7. e4 Bxg2 8.
Kxg2 O-O-O 9. b3 e6 10. Bb2 f6 11. Qe2 Bb4 12. Rfd1 g5 13. Nxg5 Rh6 14. Ngf3
Nge7 15. Rac1 Bxd2 16. Rxd2 Rg8 17. h4 e5 18. d4 Qg4 19. Kh2 dxe4 20. Ng1 exd4
21. Bxd4 Nxd4 22. Rxd4 f5 23. Qxg4 hxg4 24. Ne2 c5 25. Rd2 Rd8 26. Rcd1 Rxd2
27. Rxd2 Kc7 28. Nf4 Kc6 29. Kg2 b5 30. Kf1 b4 31. Ke2 Rh8 32. Rd1 a5 33. Rd2
Ra8 34. Rd1 a4 35. Rb1 axb3 36. axb3 Kd6 37. Rd1+ Kc6 38. Ke3 Rh8 39. Ra1 Kb6
40. Rd1 Kc6 41. Ra1 Kb5 42. Ra7 Nc6 43. Rb7+ Ka5 44. Ne6 Nd4 45. Nxd4 cxd4+ 46.
Kxd4 Rc8 47. Rf7 Rxc2 48. Rxf5+ Kb6 49. Kxe4 Rc3 50. h5 Rxb3 51. h6 Rc3 52. h7
Rc8 53. Rh5 Rh8 54. Kd4 Kc6 55. Kc4 Kd6 56. Kxb4 Ke6 57. Kc4 Kf6 58. Kd5 Kg7
59. Ke6 Re8+ 60. Kd7 Rh8 1-0

[Event "Bad Woerishofen op"]
[Site "?"]
[Date "2003.??.??"]
[Round "1"]
[White "Santl, Anton"]
[Black "Schwarz, Gerd"]
[Result "1-0"]
[WhiteElo "2180"]
[BlackElo "1748"]
[Annotator "ChessOrg"]
[PlyCount "77"]

1. Nf3 Nf6 2. c4 c5 3. g3 Nc6 4. Bg2 g6 5. Nc3 Bg7 6. O-O O-O 7. d4 cxd4 8.
Nxd4 Nxd4 9. Qxd4 d6 10. Qd3 a6 11. Bd2 Qc7 12. Rac1 e6 13. b3 Bd7 14. a4 Bc6
15. e4 Rad8 16. b4 b6 17. Nd5 Qa7 18. Nxf6+ Bxf6 19. b5 Ba8 20. Bb4 a5 21. Ba3
Qc7 22. Rfd1 Be7 23. Bb2 f5 24. exf5 Rxf5 25. Bh3 Qb7 26. f3 Rxf3 27. Bxe6+ Kf8
28. Rf1 Ke8 29. Rxf3 Qxf3 30. Qxf3 Bxf3 31. Kf2 Bb7 32. Bd4 Bc8 33. Bd5 Kd7 34.
Bxb6 Rf8+ 35. Kg2 Ke8 36. Bxa5 Bg5 37. Re1+ Be7 38. Bb4 Bf5 39. Bxd6 1-0

[Event "Bad Woerishofen op"]
[Site "?"]
[Date "2003.??.??"]
[Round "1"]
[White "Schweitzer, Paul"]
[Black "Baeuml, Ulrich"]
[Result "0-1"]
[WhiteElo "1743"]
[BlackElo "2176"]
[Annotator "ChessOrg"]
[PlyCount "94"]

1. d4 Nf6 2. Nf3 c5 3. g3 b6 4. Bg2 Bb7 5. c4 e6 6. O-O Be7 7. Nc3 O-O 8. Bg5
d6 9. dxc5 bxc5 10. Qc2 Nc6 11. a3 a6 12. Rad1 Qc7 13. Bxf6 Bxf6 14. Ne4 Be7
15. Nfg5 g6 16. e3 Rad8 17. h4 Ne5 18. b3 h6 19. Nh3 d5 20. cxd5 exd5 21. Nd2
Rfe8 22. Nf4 Bf8 23. e4 d4 24. Nc4 Nxc4 25. bxc4 Bg7 26. Qd3 Qe5 27. Rfe1 Bc6
28. Nd5 g5 29. hxg5 hxg5 30. Bh3 Rb8 31. Rd2 Rb7 32. f4 gxf4 33. gxf4 Qh5 34.
Qg3 Bxd5 35. cxd5 c4 36. Rg2 Qh6 37. Bf5 Rb3 38. Qg4 d3 39. d6 Kf8 40. e5 d2
41. Rxd2 Bxe5 42. Rd5 Bd4+ 43. Rxd4 Rxe1+ 44. Kf2 Rb2+ 45. Bc2 Rxc2+ 46. Rd2
Qh2+ 47. Kf3 Rc3+ 0-1

[Event "Bad Woerishofen op"]
[Site "?"]
[Date "2003.??.??"]
[Round "1"]
[White "Ashton, Adam"]
[Black "Reichenbacher, Gerhard"]
[Result "1-0"]
[WhiteElo "2175"]
[BlackElo "1742"]
[Annotator "ChessOrg"]
[PlyCount "81"]

1. e4 c5 2. Nf3 Nc6 3. Bb5 e6 4. b3 Nge7 5. Bb2 b6 6. O-O Bb7 7. Re1 Ng6 8. d4
cxd4 9. Nxd4 Bb4 10. c3 Bc5 11. Nd2 O-O 12. N2f3 Nxd4 13. cxd4 Bb4 14. Re3 d5
15. e5 a6 16. Bd3 Nf4 17. Bf1 Rc8 18. g3 Ng6 19. h4 Re8 20. Bd3 b5 21. Ng5 Nf8
22. Qh5 g6 23. Qe2 Be7 24. Nf3 Nd7 25. Kg2 Nb8 26. Rh1 Nc6 27. h5 Kg7 28. Bb1
b4 29. Qd2 Bg5 30. Nxg5 Qxg5 31. f4 Qe7 32. Rf3 Nb8 33. g4 Rc6 34. Rfh3 g5 35.
fxg5 Nd7 36. Rf3 Nxe5 37. dxe5 Rc3 38. Bxc3 bxc3 39. Qd4 Qxg5 40. Rhf1 Qd2+ 41.
Qxd2 1-0

[Event "Bad Woerishofen op"]
[Site "?"]
[Date "2003.??.??"]
[Round "1"]
[White "Schiffer, Steve"]
[Black "Holuba, Stefan"]
[Result "1-0"]
[WhiteElo "2171"]
[BlackElo "1737"]
[Annotator "ChessOrg"]
[PlyCount "43"]

1. e4 e5 2. Nf3 Nc6 3. Bc4 Nf6 4. Ng5 d5 5. exd5 Na5 6. Bb5+ c6 7. dxc6 bxc6 8.
Ba4 h6 9. Nf3 e4 10. Qe2 Be7 11. Ne5 Qc7 12. d4 exd3 13. Nxd3 O-O 14. O-O Bd6
15. h3 Re8 16. Qf3 Re4 17. Nc3 Bg4 18. hxg4 Bh2+ 19. Kh1 Rxg4 20. g3 Bxg3 21.
fxg3 Rxg3 22. Bf4 1-0

[Event "Bad Woerishofen op"]
[Site "?"]
[Date "2003.??.??"]
[Round "1"]
[White "Wirfs, Joachim"]
[Black "Jaenig, Reinhard"]
[Result "1/2-1/2"]
[WhiteElo "1727"]
[BlackElo "2168"]
[Annotator "ChessOrg"]
[PlyCount "103"]

1. d4 Nf6 2. Nf3 e6 3. c4 Bb4+ 4. Nc3 c5 5. e3 O-O 6. Bd3 d5 7. O-O Bd7 8. Ne5
Be8 9. Bd2 cxd4 10. exd4 dxc4 11. Nxc4 Qxd4 12. Be3 Qh4 13. f3 Nc6 14. Qb3 Nd5
15. Bf2 Qh5 16. Nxd5 exd5 17. Ne3 Bd6 18. g3 Nd4 19. Qd1 Qxf3 20. Bxh7+ Kxh7
21. Qxd4 Bc6 22. Rad1 Rae8 23. Nxd5 Re5 24. Qh4+ Rh5 25. Bxa7 Rxh4 26. Rxf3 Ra4
27. Be3 Rxa2 28. Rf2 Be5 29. Bd4 Re8 30. Bxe5 Rxe5 31. Nb4 Ra4 32. Nxc6 bxc6
33. Rxf7 Ra2 34. Rdd7 Rxb2 35. Rxg7+ Kh6 36. Kf1 Ra5 37. Rh7+ Kg6 38. Rdg7+ Kf6
39. Rf7+ Ke6 40. Re7+ Kd6 41. Rd7+ Ke6 42. Rhe7+ Kf5 43. h3 Ra1+ 44. Re1 Raa2
45. g4+ Kf4 46. Rf7+ Kg3 47. Re3+ Kh2 48. Rfe7 Rg2 49. Re2 Ra1+ 50. Re1 Ra3 51.
R7e3 Ra8 52. R1e2 1/2-1/2

[Event "Bad Woerishofen op"]
[Site "?"]
[Date "2003.??.??"]
[Round "1"]
[White "Moehring, Norbert"]
[Black "Sakowski, Christian"]
[Result "1-0"]
[WhiteElo "2166"]
[BlackElo "1722"]
[Annotator "ChessOrg"]
[PlyCount "151"]

1. b4 c6 2. c4 Nf6 3. Bb2 e6 4. b5 d5 5. e3 Be7 6. Qc2 Nbd7 7. Nf3 O-O 8. bxc6
bxc6 9. cxd5 cxd5 10. Bb5 Bb7 11. O-O Bd6 12. Rc1 Rc8 13. Nc3 Nb6 14. Rab1 Nc4
15. Bxc4 Rxc4 16. Ba1 Qc7 17. Rb3 Rc8 18. Qb2 Ba6 19. Rb1 Qd8 20. h3 Qe7 21.
Nd4 Qd7 22. Ncb5 Bxb5 23. Rxb5 Qc7 24. g4 Rc1+ 25. Kg2 Rxb1 26. Qxb1 Rb8 27.
Rxb8+ Qxb8 28. Qxb8+ Bxb8 29. Nc6 Nd7 30. Kf3 f6 31. e4 Kf7 32. exd5 exd5 33.
Bd4 Ke6 34. Nxb8 Nxb8 35. Bxa7 Nc6 36. Bb6 Ne5+ 37. Ke2 Nc4 38. Bc5 Ne5 39. a4
Nc6 40. f4 f5 41. Bb6 fxg4 42. hxg4 g6 43. a5 Nb4 44. Kf3 Nc6 45. Kg3 Nb8 46.
Kh4 Kf6 47. Bd4+ Ke6 48. Be5 Na6 49. Kg5 h5 50. gxh5 gxh5 51. Kxh5 Kf5 52. Kh6
d4 53. d3 Nb4 54. Kg7 Nxd3 55. a6 Nxe5 56. a7 Kxf4 57. a8=Q d3 58. Qd5 Kf5 59.
Kh6 Kf4 60. Kh5 Kf5 61. Kh4 Kf4 62. Kh3 Kf5 63. Kg3 Kf6 64. Kf4 Ng6+ 65. Ke4
Kg7 66. Qxd3 Kf6 67. Qd8+ Ne7 68. Qd3 Kf7 69. Ke5 Ng6+ 70. Kf5 Ne7+ 71. Kg5 Ng8
72. Qd5+ Kf8 73. Qe6 Ne7 74. Qd6 Ke8 75. Kf6 Ng8+ 76. Ke6 1-0

[Event "Bad Woerishofen op"]
[Site "?"]
[Date "2003.??.??"]
[Round "1"]
[White "Vu Van, Anh"]
[Black "Vossenkuhl, Joachim"]
[Result "0-1"]
[WhiteElo "1700"]
[BlackElo "2166"]
[Annotator "ChessOrg"]
[PlyCount "83"]

1. d4 e6 2. e4 d5 3. e5 c5 4. c3 Nc6 5. Nf3 Bd7 6. Be2 Nge7 7. Be3 Nf5 8. Bg5
Qb6 9. b3 cxd4 10. cxd4 Bb4+ 11. Kf1 Ncxd4 12. g4 Nxf3 13. Bxf3 Qd4 14. Qxd4
Nxd4 15. Bd1 Rc8 16. Nd2 Nc2 17. Rc1 Ne3+ 18. Bxe3 Rxc1 19. Kg2 a6 20. Ne4 Rxd1
21. Rxd1 dxe4 22. Kg3 Bc6 23. Bb6 Ke7 24. Rd4 Bc3 25. Rc4 Bxe5+ 26. Kh3 h5 27.
g5 h4 28. Bd4 Bxd4 29. Rxd4 Rd8 30. Rxd8 Kxd8 31. Kxh4 a5 32. a3 b5 33. b4 axb4
34. axb4 Kd7 35. Kg4 f5+ 36. gxf6 gxf6 37. h4 Kd6 38. h5 Be8 39. h6 Bg6 40. Kf4
Kd5 41. f3 exf3 42. Kxf3 0-1

[Event "Bad Woerishofen op"]
[Site "?"]
[Date "2003.??.??"]
[Round "1"]
[White "Kugelmann, Werner"]
[Black "Schrinner, Stefan"]
[Result "1-0"]
[WhiteElo "2165"]
[BlackElo "1688"]
[Annotator "ChessOrg"]
[PlyCount "65"]

1. e4 e5 2. Nf3 d6 3. d4 exd4 4. Nxd4 g6 5. Bc4 Bg7 6. O-O Ne7 7. Nc3 O-O 8.
Bg5 h6 9. Bh4 Qe8 10. Re1 Bd7 11. Qd2 a6 12. f4 Nbc6 13. Nf3 Be6 14. Nd5 Qd7
15. f5 Bxd5 16. exd5 Nxf5 17. dxc6 Qxc6 18. Bd5 Qb5 19. Bf2 Rae8 20. c3 Ne7 21.
Bb3 b6 22. Nd4 Bxd4 23. Qxd4 Nf5 24. Qg4 Ng7 25. Rxe8 Rxe8 26. Ba4 Qxb2 27. Rf1
Rf8 28. Bb3 Qxc3 29. Qf4 g5 30. Qe4 Qe5 31. Qd3 a5 32. Bd4 Qe8 33. Qg6 1-0

[Event "Bad Woerishofen op"]
[Site "?"]
[Date "2003.??.??"]
[Round "1"]
[White "Sanna, Giuseppe"]
[Black "Otterstaetter, Stefan"]
[Result "0-1"]
[WhiteElo "1647"]
[BlackElo "2165"]
[Annotator "ChessOrg"]
[PlyCount "64"]

1. d4 d5 2. Nf3 Nf6 3. e3 c6 4. Bd3 Bg4 5. Nbd2 Nbd7 6. O-O e5 7. Be2 e4 8. Ne5
Bxe2 9. Qxe2 Nxe5 10. dxe5 Nd7 11. f4 exf3 12. Nxf3 Bc5 13. e6 fxe6 14. Nd4 Qe7
15. Qh5+ g6 16. Qg4 Nf8 17. Bd2 e5 18. Rae1 Qd7 19. Qg5 Qe7 20. Qg4 h5 21.
Rxf8+ Rxf8 22. Qxg6+ Qf7 23. Qg3 O-O-O 24. Nf3 Bd6 25. e4 dxe4 26. Rxe4 Bc5+
27. Be3 Rd1+ 28. Kf2 Qd5 29. Qxe5 Rd2+ 30. Ke1 Bxe3 31. Rxe3 Qxe5 32. Rxe5 Rxg2
0-1

[Event "Bad Woerishofen op"]
[Site "?"]
[Date "2003.??.??"]
[Round "1"]
[White "Hillenbrand, Alexander"]
[Black "Klein, Reinhard"]
[Result "1-0"]
[WhiteElo "2155"]
[BlackElo "1643"]
[Annotator "ChessOrg"]
[PlyCount "85"]

1. e4 c5 2. c3 b6 3. d4 e6 4. Nf3 Bb7 5. Bd3 Qc7 6. O-O d5 7. exd5 Bxd5 8. c4
Bb7 9. Nc3 cxd4 10. Nb5 Qd7 11. Ne5 Qc8 12. Qa4 Nd7 13. Nxd7 Qxd7 14. Nc7+ Kd8
15. Qxd7+ Kxd7 16. Nxa8 Bxa8 17. Bd2 Nf6 18. Rfe1 Bd6 19. b4 h6 20. a4 Rb8 21.
a5 e5 22. f3 Bb7 23. axb6 axb6 24. Bf5+ Kc6 25. Rec1 Bc7 26. b5+ Kc5 27. Rab1
d3 28. Be3+ Kd6 29. c5+ Ke7 30. cxb6 Bd6 31. Bxd3 e4 32. fxe4 Nxe4 33. Ra1 Ke8
34. Ra7 Bd5 35. Bd4 g6 36. Bxe4 Bxe4 37. Bf6 Bd3 38. Re1+ Kf8 39. Rc1 Bxb5 40.
b7 Bd7 41. Ra8 h5 42. Rxb8+ Bxb8 43. Rc8+ 1-0

[Event "Bad Woerishofen op"]
[Site "?"]
[Date "2003.??.??"]
[Round "1"]
[White "Steffl, Herbert"]
[Black "Einwiller, Dieter"]
[Result "0-1"]
[WhiteElo "1639"]
[BlackElo "2153"]
[Annotator "ChessOrg"]
[PlyCount "70"]

1. d4 Nf6 2. Nf3 e6 3. e3 d5 4. Bd3 Nbd7 5. Nbd2 Bd6 6. e4 dxe4 7. Nxe4 Nxe4 8.
Bxe4 O-O 9. O-O h6 10. c3 e5 11. Re1 Re8 12. Bd3 exd4 13. cxd4 Rxe1+ 14. Qxe1
Qe7 15. Bd2 Nf6 16. Qxe7 Bxe7 17. Rc1 c6 18. Ne5 Be6 19. h3 Bxa2 20. Bc4 Bxc4
21. Nxc4 Rd8 22. Be3 Nd5 23. Ra1 a6 24. Na5 Rd7 25. Nb3 Bf6 26. Nc5 Re7 27. Ra3
Nb4 28. Rb3 a5 29. Na4 b5 30. Nb6 Rb7 31. Nc8 Rd7 32. Nb6 Rd8 33. Ra3 a4 34.
Ra1 Bxd4 35. Bxd4 Rxd4 0-1

[Event "Bad Woerishofen op"]
[Site "?"]
[Date "2003.??.??"]
[Round "1"]
[White "Ballon, Guenter-Jan"]
[Black "Dierich, Jochen"]
[Result "1-0"]
[WhiteElo "2219"]
[BlackElo "1876"]
[Annotator "ChessOrg"]
[PlyCount "97"]

1. d4 g6 2. c4 Bg7 3. Nc3 d6 4. e4 c6 5. Be3 a6 6. Qd2 b5 7. f3 b4 8. Nd1 a5 9.
Rc1 h5 10. c5 dxc5 11. Rxc5 Nf6 12. Nf2 O-O 13. Bd3 Be6 14. Bb1 Qd7 15. Ne2 Na6
16. Rc1 Rfd8 17. Nd3 Qb7 18. O-O Rac8 19. b3 Bd7 20. Nc5 Nxc5 21. Rxc5 Ra8 22.
Bc2 Be8 23. Bh6 Qb6 24. Bxg7 Kxg7 25. Qe3 Bd7 26. Nf4 Rh8 27. h4 e6 28. Rc1
Rad8 29. Nd3 Be8 30. Ne5 Qc7 31. Rd1 Rc8 32. Bd3 Qb6 33. Nc4 Qd8 34. Rxa5 Nd7
35. Qf2 Nb6 36. Nxb6 Qxb6 37. Rc5 Ra8 38. e5 Bd7 39. Rdc1 Ra7 40. Be4 Rha8 41.
R1c2 Rc7 42. Qd2 Rb8 43. R5c4 Be8 44. g4 hxg4 45. fxg4 Rcc8 46. Kg2 Bd7 47. Kg3
Qb7 48. Qg5 Rh8 49. h5 1-0

[Event "Bad Woerishofen op"]
[Site "?"]
[Date "2003.??.??"]
[Round "1"]
[White "Bretscher, Robert"]
[Black "Schuster, Gerhard"]
[Result "0-1"]
[WhiteElo "1635"]
[BlackElo "2151"]
[Annotator "ChessOrg"]
[PlyCount "87"]

1. e4 c6 2. Nf3 d5 3. exd5 cxd5 4. d4 Nc6 5. h3 Bf5 6. Bd3 Bxd3 7. Qxd3 Nf6 8.
O-O e6 9. c3 Bd6 10. Bg5 h6 11. Bxf6 Qxf6 12. Nbd2 O-O 13. Rfe1 Rfc8 14. Nf1
Rab8 15. Ng3 Bxg3 16. fxg3 b5 17. a3 a5 18. Ne5 Nxe5 19. Rxe5 Qd8 20. b4 Rc4
21. Re3 Rbc8 22. Rc1 axb4 23. axb4 Rxb4 24. Rf1 Rbc4 25. Ref3 R8c7 26. Qd2 Qd6
27. Qf2 f6 28. Rxf6 gxf6 29. Qxf6 Rg7 30. Rf3 Rcc7 31. Re3 Rcf7 32. Qxh6 Rxg3
33. Rxe6 Qf8 34. Qh5 Rgg7 35. Qxd5 Qb8 36. Rh6 Qf8 37. Rh5 Rh7 38. Rg5+ Kh8 39.
Qe5+ Rhg7 40. Rh5+ Kg8 41. Qe6 Qe7 42. Qh6 Qe1+ 43. Kh2 Qg3+ 44. Kg1 0-1

[Event "Bad Woerishofen op"]
[Site "?"]
[Date "2003.??.??"]
[Round "1"]
[White "Galje, Hans"]
[Black "Rothenhagen, Siegfried"]
[Result "1-0"]
[WhiteElo "2148"]
[BlackElo "1620"]
[Annotator "ChessOrg"]
[PlyCount "59"]

1. d4 Nf6 2. c4 e5 3. dxe5 Ng4 4. Bf4 Nc6 5. Nf3 Bb4+ 6. Nc3 Qe7 7. Qd5 Bxc3+
8. bxc3 Qa3 9. Rc1 h5 10. h3 Nh6 11. e4 Qxa2 12. Bd3 Ng8 13. O-O Nge7 14. Qc5
b6 15. Qe3 Qa3 16. Nd4 Qc5 17. Nb5 Kd8 18. e6 Qxe3 19. Bxc7+ Ke8 20. exf7+ Kxf7
21. fxe3+ Ke6 22. c5 bxc5 23. Bc4+ d5 24. exd5+ Kd7 25. dxc6+ Nxc6 26. Rf7+ Ne7
27. Rd1+ Kc6 28. Rxe7 a6 29. Rd6+ Kb7 30. Rb6# 1-0

[Event "Bad Woerishofen op"]
[Site "?"]
[Date "2003.??.??"]
[Round "1"]
[White "Hegel, Pius"]
[Black "Kuempers, Ulrich"]
[Result "0-1"]
[WhiteElo "1619"]
[BlackElo "2147"]
[Annotator "ChessOrg"]
[PlyCount "62"]

1. Nf3 Nf6 2. b3 g6 3. Bb2 Bg7 4. e3 O-O 5. Be2 d6 6. O-O e5 7. d3 c5 8. c4 Nc6
9. Nc3 d5 10. cxd5 Nxd5 11. Ne4 b6 12. Rc1 Bb7 13. a3 Qd7 14. Qc2 Rac8 15. Qb1
Rfe8 16. Rfd1 h6 17. Ng3 Qe6 18. d4 cxd4 19. exd4 e4 20. Ne5 Nxd4 21. Nc4 Nxb3
22. Rc2 Bxb2 23. Qxb2 Nc5 24. Rcd2 e3 25. fxe3 Nxe3 26. Nxe3 Qxe3+ 27. Kh1 h5
28. Qf6 Qe5 29. Qf2 h4 30. Bc4 Qe7 31. Nf1 Ne4 0-1

[Event "Bad Woerishofen op"]
[Site "?"]
[Date "2003.??.??"]
[Round "1"]
[White "Hipp, Hermann"]
[Black "Keller, Manfred"]
[Result "0-1"]
[WhiteElo "1864"]
[BlackElo "2214"]
[Annotator "ChessOrg"]
[PlyCount "138"]

1. d4 Nf6 2. Nf3 g6 3. c4 Bg7 4. Nc3 d5 5. Bf4 O-O 6. e3 c5 7. Be2 Nc6 8. dxc5
Qa5 9. O-O dxc4 10. Bxc4 Qxc5 11. Qe2 Bg4 12. Rac1 e5 13. Ne4 Nxe4 14. Bxf7+
Rxf7 15. Rxc5 Nxc5 16. Qc4 Bxf3 17. gxf3 exf4 18. Qxc5 fxe3 19. fxe3 Bxb2 20.
Rb1 Bg7 21. Kg2 Rd8 22. a4 Rf5 23. Qc4+ Kh8 24. f4 h6 25. Qe6 Rf6 26. Qe4 b6
27. Rc1 Rdd6 28. h4 Rfe6 29. Qf3 Rd2+ 30. Kf1 Rdd6 31. Rc4 Kh7 32. Kg2 Ne7 33.
e4 Rd2+ 34. Kf1 Red6 35. Rc1 Bb2 36. Re1 Bd4 37. Re2 Rd1+ 38. Re1 Rd2 39. Re2
Bc5 40. h5 R6d3 41. Qg4 Rd1+ 42. Re1 Rxe1+ 43. Kxe1 Re3+ 44. Kf1 Rxe4 45. hxg6+
Nxg6 46. Qd7+ Re7 47. Qd3 Rf7 48. f5 Ne7 49. f6+ Ng6 50. Ke1 Rxf6 51. Qd7+ Ne7
52. Qxa7 Kg6 53. Ke2 Nc6 54. Qc7 h5 55. Qg3+ Kh6 56. Qg8 h4 57. Qg4 Bf2 58. Kf1
Bg3+ 59. Ke2 Ne5 60. Qc8 Kg5 61. Qg8+ Ng6 62. Qd5+ Kh6 63. Qd7 Nf4+ 64. Kf3
Ne6+ 65. Kg2 Ng5 66. Qd8 Rf2+ 67. Kh1 Rh2+ 68. Kg1 Nf3+ 69. Kf1 Rf2# 0-1

[Event "Bad Woerishofen op"]
[Site "?"]
[Date "2003.??.??"]
[Round "1"]
[White "Walton, Alan"]
[Black "Beckert, Armin"]
[Result "1-0"]
[WhiteElo "2144"]
[BlackElo "1602"]
[Annotator "ChessOrg"]
[PlyCount "59"]

1. d4 e6 2. e4 c5 3. d5 Nf6 4. Nc3 d6 5. Nf3 exd5 6. exd5 a6 7. a4 Be7 8. Bd3
h6 9. O-O O-O 10. h3 Nbd7 11. Bf4 Nb6 12. Be2 Bf5 13. g4 Bh7 14. Bd3 Rc8 15.
Re1 Re8 16. Qd2 Qd7 17. Kg2 Bxd3 18. Qxd3 c4 19. Qd2 Nxg4 20. hxg4 Qxg4+ 21.
Bg3 h5 22. Qd4 Rc5 23. Qxg4 hxg4 24. Nh2 Nxd5 25. Bxd6 Rc6 26. Nxd5 Rxd6 27.
Nxe7+ Kf8 28. Nf5 Rxe1 29. Rxe1 Rd2 30. Ne3 1-0

[Event "Bad Woerishofen op"]
[Site "?"]
[Date "2003.??.??"]
[Round "1"]
[White "Schoebel, Klaus"]
[Black "von Saldern, Ruediger"]
[Result "0-1"]
[WhiteElo "1598"]
[BlackElo "2143"]
[Annotator "ChessOrg"]
[PlyCount "82"]

1. e4 e5 2. Bc4 Bc5 3. Nf3 Nc6 4. O-O d6 5. c3 Qe7 6. d4 Bb6 7. Bg5 Nf6 8. d5
Nb8 9. Bd3 Bg4 10. Nbd2 Nbd7 11. b4 h6 12. Be3 O-O 13. Qe1 Nh7 14. a4 a5 15.
Bxb6 Nxb6 16. Qe3 axb4 17. cxb4 Nxa4 18. Nc4 Ng5 19. Nfd2 Bd7 20. f4 Nh7 21. f5
Qg5 22. Qf2 Rfb8 23. Nf3 Qd8 24. Qg3 Nf6 25. Ne3 Nc3 26. Rac1 Ncxe4 27. Bxe4
Nxe4 28. Qg4 Nf6 29. Qg3 Ra3 30. Ng4 Nxg4 31. Qxg4 c6 32. Qe4 cxd5 33. Qxd5
Bxf5 34. Rcd1 Qb6+ 35. Kh1 Qxb4 36. Nd4 Bg6 37. Nf5 Bxf5 38. Rxf5 Rf8 39. Rdf1
Ra5 40. Qf3 e4 41. Qd1 Rxf5 0-1

[Event "Bad Woerishofen op"]
[Site "?"]
[Date "2003.??.??"]
[Round "1"]
[White "Gerhards, Walter"]
[Black "Wiessner, Johann"]
[Result "1-0"]
[WhiteElo "2140"]
[BlackElo "1586"]
[Annotator "ChessOrg"]
[PlyCount "100"]

1. e4 e6 2. d4 d5 3. Nc3 Bb4 4. e5 c5 5. a3 Bxc3+ 6. bxc3 Nc6 7. f4 Nge7 8. Nf3
Nf5 9. Bd3 Qb6 10. Bxf5 exf5 11. O-O O-O 12. a4 Re8 13. Ba3 c4 14. Qd2 Ne7 15.
Rfb1 Qc6 16. Rb5 b6 17. Rab1 Bd7 18. Qf2 Qb7 19. R5b4 Ng6 20. Bc1 Bc6 21. h4
Qd7 22. h5 Nf8 23. Nh4 Bxa4 24. Nxf5 Qxf5 25. Rxa4 Qxh5 26. Be3 Re6 27. f5 Ree8
28. Rf1 h6 29. Qg3 Nh7 30. Raa1 Ng5 31. Rf4 Qe2 32. Rg4 f6 33. e6 Qxc2 34. Bxg5
fxg5 35. Qf3 Qd3 36. Qxd5 Qxc3 37. Rf1 Qe3+ 38. Kh1 Qe2 39. Rf3 Rad8 40. Qb7
Kh8 41. Qf7 c3 42. f6 Rg8 43. e7 Rde8 44. fxg7+ Kh7 45. Qf5+ Kxg7 46. Rxg5+ Kh8
47. Qf6+ Kh7 48. Qf7+ Kh8 49. Rh3 Qe6 50. Rxg8+ Rxg8 1-0